000
00202nam a22000857a 4500
008
170116b xxu||||| |||| 00| 0 eng d
100
_9
2442
_a
Raja
245
_a
Hindi Books
260
_a
New Delhi
_b
Pocket books
999
_c
5488
_d
5488